000 01148nam a22003377a 4500
003 CHAP
005 20220329143718.0
008 110328s1972 mx a r 00010 spa d
010 _a100761
011 _a101733
020 _a9682939941
035 _a112421
040 _cCHAP
082 0 0 _a972.019
_bG58
100 1 _aGonzález Ramos, Gildardo.
_949320
245 1 4 _aLos coras
_c/por Gildardo Gonález Ramos
260 _aMéxico, D.F. :
_bConsejo Nacional para la Cultura y las Artes :
_bInstituto Nacional Indigenista,
_c1972
300 _a179 p. :
_bilus., cuadros
490 0 _aPresencias
_v; 55
590 _aBATCH-UPD
_b10
_c20130110
_lUCH01
_h1330
590 _aBATCH-UPD
_b10
_c20130410
_lUCH01
_h0835
590 _aBATCH-UPD
_b10
_c20130914
_lUCH01
_h1548
590 _aCONVERSION
_b10
_c20130109
_lUCH01
_h1356
650 1 4 _aIndios de Nayarit.
_957639
650 1 4 _aIndios de Nayarit
_xCondiciones sociales.
_957641
650 1 4 _aIndios de Nayarit
_xReligión y mitología.
_957643
830 0 _aPresencias
_v; 55
_991523
901 _aBK
942 _cLIBRO
949 _a972.019 G58
_bBC
_cLIBRO
_d33724002232165
_eLIBRO
_h114487
_i112421
_sb
999 _c100761
_d100761